000 00903nam a2200301 i 4500
001 000011826
003 DO-SdBNP
005 20260312111244.0
007 ta
008 260412s1988 dr 000 f spa d
040 _aDO-SdBNP
_bspa
_cBNPHU
_erda
041 _aspa
050 _aspa
082 _aRD863.44
_bB663j, 1988
_222
100 1 _aBobadilla, José,
_d1955-
_eautor
_911356
245 1 6 _aEn el jardín de Onán :
_bnavajas y coronas de una solitaria historia de amor /
_cJosé Bobadilla.
264 _aSanto Domingo :
_b[Editora no identificada],
_c1988
300 _a119 páginas ;
_c29 cm.
336 _ardacontent
_btexto
_2txt
337 _ardamedia
_bsin mediación
_2n
338 _ardacarrier
_bvolumen
_2nc
590 _aInventariado, 2026/DG
650 0 _aNovela dominicana
_9223
650 0 _aLiteratura dominicana.
_967
830 _927992
910 _aDG
942 _2ddc
_cLBS1
999 _c60493
_d60493